00381nam a22001457a 450000500170000000800410001702000180005804100080007608200140008410000180009824500310011626000420014730000190018965000270020820251222172657.0251222b |||||||| |||| 00| 0 eng d a9798657392623 aEng a005.5 GUP aGupta, Hitesh aSPSS 26.0: For Researchers aUKb‎ Independently publishedc2020 a260;. P. 22 cm aInformation technology